000 00689cam a22002172 4500
001 0000002153
005 20151217151841.0
008 070403s xx 000 0 eng d
020 _a1861529961 :
_cKES 4,499
040 _aKABU
_cKABU
050 0 _aHF5414
_b.P57
100 1 _aPires, Guilherme D.
_@0000151408
245 1 0 _aEthnic marketing :
_baccepting the challenge of cultural diversity /
_cGuilherme D. Pires and P. John Stanton.
260 _aLondon :
_bThomson,
_c2005.
300 _axiv, 274 p.
650 0 _aSocial marketing.
_@0000151409
700 1 _aStanton, P. John.
_@0000151410
908 _a070403
950 _@1
999 _c5670
_d5670